000 00729nam a2200241 a 4500
001 BRCA_8173
005 20190320210148.0
008 070514s1936----gw-a###f##---#001-0#ger-#
041 _ager
044 _agw
050 4 _aNB175
_b.B35 2
_c1936
100 1 _aBaier-Futterer, Ilse
_919105
245 1 0 _aDie Bildwerke der Romanik und Gotik
_bkataloge des Schweizerischen Landesmuseums in Zurich
_cvon Ilse Baier-Futterer.
260 _aZúrich
_bDruck
_c1936
300 _axvi, 192 p.
_bil., 56 láminas
_c21 cm.
500 _aEjemplar igual a U68
500 _aX74
650 1 4 _aEscultura románica
_910292
650 1 4 _aEscultura gótica
_92039
650 1 4 _aEscultura
_vExposiciones
_911068
902 _aGFM
942 _2lcc
_cB
999 _c7841
_d7841